00000000nam 2200000zi 4500
0019.947182
003CaOODSP
00520250121150349
006m     o  d f      
007cr |n|||||||||
008250121e20250116onc     ob   f000 0 eng d
040 |aCaOODSP|beng|erda|cCaOODSP
043 |an-cn---
0861 |aYN5-297/2025E-PDF
1001 |aCreighton, Mark, |eauthor.
24510|aFiscal cost of task-based IT contracting / |cMark Creighton, Senior Analyst, Jill Giswold, Senior Analyst.
264 1|aOttawa, Canada : |bOffice of the Parliamentary Budget Officer = Bureau du directeur parlementaire du budget, |cJanuary 16, 2025.
264 4|c©2025
300 |a1 online resource (14 pages)
336 |atext|btxt|2rdacontent
337 |acomputer|bc|2rdamedia
338 |aonline resource|bcr|2rdacarrier
500 |aIssued also in French under title: Coût financier de la passation de contrats en TI centrés sur les tâches.
500 |a"RP-2425-024-S_e."
504 |aIncludes bibliographical references (pages 13-14).
650 0|aInformation technology|xContracting out |zCanada|xFinance.
7101 |aCanada. |bOffice of the Parliamentary Budget Officer, |eissuing body.
77508|tCoût financier de la passation de contrats en TI centrés sur les tâches / |w(CaOODSP)9.947222
85640|qPDF|s2.34 MB|uhttps://publications.gc.ca/collections/collection_2025/dpb-pbo/YN5-297-2025-eng.pdf